000 00453 a2200157 4500
999 _c6666
_d6666
020 _a978140823236
050 _aPE1460 LON 2010
100 _aMayor, Michael
_eauthor
245 _aLongman active study dictionary /
_cMichael Mayor
250 _a5th ed.
264 _aHarlow :
_bPearson Longman,
_c2010.
300 _a1040p. :
_bill.(col.)
500 _aWith irregular verbs
650 _aEnglish---Dictionary
942 _2lcc
_cBK
_e5th ed.
_h1460
_iLON
_kPE